000 00455nam a2200181Ia 4500
001 16388
005 20260306170306.0
008 260306t2002||||xx |||||||||||||| ||und||
041 _aESP
082 _a348.55
_bM86
100 _aMoreno Navarrete, Miguel Angel
_eAUT
245 0 _aDerecho-e :
_bderecho del comercio electrónico
260 _c2002
300 _a201 páginas :
_c23 cm.
650 _aGEN
654 _aCDE
942 _cLIB
_dJUS
_fJUS
_2ddc
_n
999 _c16388
_d16388